Historia de las religiones

Uloženo v:
Podrobná bibliografie
Hlavní autor: Puech, Henri-Charles (Autor)
Médium: Kniha
Jazyk:španělština
Vydáno: Ciudad de México Siglo Veintiuno Editores 1982
Vydání:2a. ed
Témata:
Tagy: Přidat tag
Žádné tagy, Buďte první, kdo vytvoří štítek k tomuto záznamu!

MARC

LEADER 00000nam a2200000 a 4500
001 UCX0274
003 CL-VaPUC
008 890905e19820000MX |||||||||||||||||spa|d
082 0 4 |a 291  |b PUE  |2 21 
100 0 |a Puech, Henri-Charles  |e author  |9 315661 
245 1 0 |a Historia de las religiones 
250 |a 2a. ed 
300 |a v 
942 |c BK 
945 |d 19890905 00:00:00  |a aalvarez 
260 |a Ciudad de México  |b Siglo Veintiuno Editores  |c 1982 
500 |a incluye índice de dioses, personajes místicos o legendarios, profetas, religiones, sectas, escuelas filosóficas 
500 |a v.11: Las religiones en los pueblos sin tradición escrita 
650 0 |a Religión   |9 255164 
650 7 |a RELIGIONES - HISTORIA  |2 CL-VaPUC  |9 313209 
583 |a last modification  |c 19890905 00:00:00  |k Rodrigo Vera 
999 |c 221928  |d 221926 
952 |0 0  |1 0  |4 0  |6 291_000000000000000_PUE_1982  |7 0  |8 A  |9 216000  |a BIBTEO  |b BIBTEO  |d 2019-11-15  |h v.4  |i 2845598  |o 291 PUE 1982  |p 2845598  |r 2024-01-18  |w 2019-11-15  |y BK  |k ICR 
952 |0 0  |1 0  |4 0  |6 291_000000000000000_PUE_1982  |7 0  |8 A  |9 216001  |a BIBTEO  |b BIBTEO  |d 2019-11-15  |h v.7  |i 2845601  |o 291 PUE 1982  |p 2845601  |r 2024-01-18  |w 2019-11-15  |y BK  |k ICR 
952 |0 0  |1 0  |4 0  |6 291_000000000000000_PUE_1982  |7 0  |8 A  |9 216002  |a BIBTEO  |b BIBTEO  |d 2019-11-15  |h v.10  |i 284561K  |o 291 PUE 1982  |p 284561K  |r 2024-01-18  |w 2019-11-15  |y BK  |k ICR 
952 |0 0  |1 0  |4 0  |6 291_000000000000000_PUE_1982  |7 0  |8 A  |9 216003  |a BIBTEO  |b BIBTEO  |d 2019-11-15  |h v.11  |i 2845628  |o 291 PUE 1982  |p 2845628  |r 2024-01-18  |w 2019-11-15  |y BK  |k ICR 
952 |0 0  |1 0  |4 0  |6 291_000000000000000_PUE_1982  |7 0  |8 A  |9 216004  |a BIBTEO  |b BIBTEO  |d 2019-11-15  |h v.12  |i 2845636  |o 291 PUE 1982  |p 2845636  |r 2024-01-18  |w 2019-11-15  |y BK  |k ICR 
952 |0 0  |1 0  |4 0  |6 291_000000000000000_PUE_1982  |7 0  |8 A  |9 216005  |a BIBTEO  |b BIBTEO  |d 2019-11-15  |h v.12  |i 2845644  |o 291 PUE 1982  |p 2845644  |r 2024-01-18  |w 2019-11-15  |y BK  |k ICR 
952 |0 0  |1 0  |4 0  |6 291_000000000000000_PUE_1982  |7 0  |8 A  |9 216006  |a BIBHIS  |b BIBHIS  |d 2019-11-15  |h v.11  |i 2813181  |o 291 PUE 1982  |p 2813181  |r 2025-01-20  |w 2019-11-15  |y BK  |k HIS